Levice - celok Kalinčiakovo - kúpalisko Ilona, kúpalisko Margita, Santovka-kúpalisko, Kalinčiakovo Autocamping

Podrobná bibliografia
Ďalší autori: Bruník, Jiří, 1930-2008 (fot)
Médium: Obrázok
Jazyk:slovenčina
PhysicalDescription:1 pohľadnica farebný ofset, 5 čiastkových pohľadov 10x15 cm
Vydavateľské údaje: Praha Orbis 1970
Predmet:

MARC

LEADER 00000nkm a2200000 a 4500
001 vtls001397218
003 SK-MaSNL
005 20260326142934.0
008 231206s1970 xo 0k slo
020 |c 2,00 Sk 
035 |a SNK000351615 
040 |a SNK  |b slo  |c SNK  |e AACR2 
041 0 |a slo 
044 |a xo  |c SK 
080 |a 779  |2 1981 
245 1 |a Levice - celok  |h grafika  |b Kalinčiakovo - kúpalisko Ilona, kúpalisko Margita, Santovka-kúpalisko, Kalinčiakovo Autocamping  |c foto J. Bruník 
260 |a Praha  |b Orbis  |c 1970 
300 |a 1 pohľadnica  |b farebný ofset, 5 čiastkových pohľadov  |c 10x15 cm 
650 0 7 |a pohľadnice  |2 SNK  |9 30449 
651 7 |a Levice (Slovensko)  |2 SNK  |9 55713 
655 7 |a geografické pohľadnice  |2 SNK  |9 70522 
700 1 |a Bruník, Jiří,  |d 1930-2008  |4 fot  |9 1635651 
958 |a GC 
958 |a GBN 
958 |a OND 
999 |c 982413  |d 984343 
952 |t P60, <03>, [BOOK], {603}  |a SNK  |b SNK  |y PREZ  |7 0  |o snkSP 149877  |i snkPV 1270/2000  |0 0  |1 0  |4 0  |d 2000-09-28  |l 0  |r 2005-01-02 00:00:00  |w 2026-02-24